00560nam a22001697a 450000500170000001000160001702000260003303500140005903700130007308200060008610000240009224500870011626000420020327000930024530000220033870000300036020180724120531.0 aENG- 123582 c399.00a9789386224453 aEN-107114 bDBAD/PUB aN aRangarajan, Ra. Ki. aI, krishnadevaraya /cby Ra. Ki. Rangarajan; translated by Suganthy Krishnamachari aChennai bWestland Publicationsc2017 a61, IInd Floor, Silverline Building, Alapakkam Main Road, Maduravoyal,bChennai e600095 a396p.c21cm.(pbk) aKrishnamachari, Suganthy